| 000 | 00706nam a2200241Ia 4500 | ||
|---|---|---|---|
| 003 | OSt | ||
| 005 | 20221006165015.0 | ||
| 006 | a|||||r|||| 00| 0 | ||
| 007 | ta | ||
| 008 | 221006b |||||||| |||| 00| 0 eng d | ||
| 024 | _a6,736 | ||
| 037 | _cTextual | ||
| 040 |
_aFML _cFML _beng |
||
| 041 |
_2eng _aeng |
||
| 082 | _a4211:22, N0 | ||
| 100 |
_aAhuja B. N. Au. _9155572 |
||
| 245 | 0 | _aA Concise Course In Reporting For Newspaper, Magazine, Radio And T.V. | |
| 260 |
_aDelhi _bSurjeet Publication India _c1990 |
||
| 300 |
_a253 _ccm. |
||
| 700 |
_a Chhabra S. S. Au. _9678897 |
||
| 942 |
_h4211:22, N0 _cTEXL _2CC |
||
| 999 |
_c1119265 _d1119265 |
||